Resultados y lecciones en control del tizón tardío de la papa: proyecto de innovación en IX región de la Araucanía y X región de Los Lagos

Salvato in:
Dettagli Bibliografici
Enti autori: Fundación para la innovación Agraria (Autore), Ministerio de Agricultura (Autore)
Natura: Libro
Lingua:spagnolo
Pubblicazione: Santiago FIA 2008
Serie:Experiencias de Innovación para el Emprendimiento Agrario, 24
Soggetti:
Tags: Aggiungi Tag
Nessun Tag, puoi essere il primo ad aggiungerne!!

MARC

LEADER 00000nam a2200000 a 4500
001 UCH7763
003 CL-VaPUC
008 091126e20080000CL |||||||||||||||||spa|d
020 |a 9789563280067 
082 0 4 |a 635.21  |b FUN  |2 21 
110 2 |a Fundación para la innovación Agraria  |e author  |9 544091 
710 2 |a Ministerio de Agricultura  |e author  |9 544092 
245 1 0 |a Resultados y lecciones en control del tizón tardío de la papa: proyecto de innovación en IX región de la Araucanía y X región de Los Lagos 
300 |a 16 p 
942 |c BK 
945 |d 20091126 00:00:00  |a rbrito 
260 |a Santiago  |b FIA  |c 2008 
650 0 |a Papas  |9 258738 
650 0 |a Cultivo  |9 264268 
650 0 |a Control de plagas  |9 327373 
650 0 |a Enfermedades de las plantas  |9 259687 
583 |a last modification  |c 20091126 00:00:00  |k Rodrigo Vera 
490 0 |a Experiencias de Innovación para el Emprendimiento Agrario, 24 
999 |c 338140  |d 338138 
952 |0 0  |1 0  |4 0  |6 635_210000000000000_FUN_2008  |7 0  |8 A  |9 430989  |a BIBAGR  |b BIBAGR  |d 2019-11-22  |i 4620836  |o 635.21 FUN 2008  |p 4620836  |r 2025-01-20  |w 2019-11-22  |y BK  |k AGR 
952 |0 0  |1 0  |4 0  |6 635_210000000000000_FUN_2008  |7 0  |8 A  |9 430990  |a BIBAGR  |b BIBAGR  |d 2019-11-22  |i 4620844  |o 635.21 FUN 2008  |p 4620844  |r 2025-01-20  |w 2019-11-22  |y BK  |k AGR